[Event "AUTO-INT-2376"]
[Site "http://www.queenalice.com/game.php?id=1114386"]
[Date "2012.10.20"]
[Round "2"]
[White "joao_messias"]
[Black "Guillie"]
[Result "1-0"]
[WhiteElo "1775"]
[BlackElo "1996"]

1. e4 e5 2. Nf3 d6 3. h3 Nf6 4. d3 h6 5. Nc3 a6 6. Be2 Bd7 7. a3 Nc6 8. Nd5 Nxd5
9. O-O Nf6 10. Nh2 Nd4 11. Ng4 Nxe2+ 12. Qxe2 Nxg4 13. hxg4 Qh4 14. f3 g5 15.
Be3 h5 16. Bf2 Qxf2+ 17. Rxf2 h4 18. d4 f6 19. dxe5 dxe5 20. Rd1 Bc5 21. Qd3
Bxf2+ 22. Kxf2 Be6 23. Qc3 c6 24. Qb4 Rb8 25. Qd6 Kf7 26. Qc7+ Kg6 27. Rd6 Rhe8
28. g3 hxg3+ 29. Kxg3 Kh6 30. Rxe6 Rxe6 31. Qxb8 Re7 32. Qf8+ Rg7 33. Qxf6+ Rg6
34. Qxe5 Rg7 35. f4 gxf4+ 36. Qxf4+ Kg6 37. g5 Rf7 38. Qxf7+ Kxf7 39. Kf4 Ke6
40. c4 c5 41. g6 Kf6 42. e5+ Kxg6 43. Ke4 Kf7 44. Kd5 Ke7 45. Kxc5 Ke6 46. Kd4
b6 47. a4 Kd7 48. Kd5 a5 49. e6+ Kc7 50. e7 Kd7 51. e8=Q+ Kxe8 52. Kc6 Kd8 53.
Kxb6 Kc8 54. Kxa5 Kb7 55. b4 Ka7 56. c5 Kb7 57. b5 Ka7 58. b6+ Kb7 59. c6+ Ka8
60. Ka6 Kb8 61. c7+ Kc8 62. Ka7 Kd7 63. Kb7 Kd6 64. c8=Q Kd5 65. Ka7 Kd6 66. b7
Kd5 67. b8=Q 1-0

[Event "AUTO-INT-2376"]
[Site "http://www.queenalice.com/game.php?id=1114387"]
[Date "2012.10.20"]
[Round "2"]
[White "Guillie"]
[Black "joao_messias"]
[Result "1-0"]
[WhiteElo "1889"]
[BlackElo "1856"]

1. e4 e5 2. Nf3 d6 3. d3 h6 4. g3 Nf6 5. Bg2 Nc6 6. a3 Be7 7. Bd2 O-O 8. Nc3 Nh7
9. Nd5 Be6 10. Nxe7+ Qxe7 11. Bc3 Ng5 12. Nxg5 Qxg5 13. Qe2 f5 14. exf5 Bxf5 15.
Bd2 Qf6 16. c3 e4 17. dxe4 Bxe4 18. O-O Bxg2 19. Kxg2 Rae8 20. Be3 d5 21. Qb5
Ne5 22. Qxd5+ Kh8 23. b4 Ng4 24. Bd4 Qg6 25. h3 Nf6 26. Qxb7 Ne4 27. Ra2 Qe6 28.
Qxc7 Nf6 29. Rb2 Qe4+ 30. Kg1 Qg6 31. a4 Nd5 32. Qb7 Nf4 33. Kh2 Ne6 34. Be3 Rf7
35. Qc6 Ref8 36. Rd2 Qf5 37. Qd5 Qg6 38. a5 Rf5 39. Qc4 Rh5 40. Rd6 Re8 41. Bxa7
Rxh3+ 42. Kxh3 Ng5+ 43. Kg2 Qxd6 44. Be3 Qd7 45. Bxg5 1-0

[Event "AUTO-INT-2376"]
[Site "http://www.queenalice.com/game.php?id=1114392"]
[Date "2012.10.20"]
[Round "2"]
[White "Guillie"]
[Black "hugo2011"]
[Result "1-0"]
[WhiteElo "1856"]
[BlackElo "1708"]

1. e4 e5 2. Nf3 Nc6 3. d3 d6 4. g3 Nf6 5. Bg2 Bg4 6. Nbd2 Nd4 7. b3 g6 8. Bb2
Ne6 9. Nc4 h5 10. h3 Bxf3 11. Bxf3 d5 12. exd5 Nxd5 13. Bxe5 Bg7 14. Bxg7 Nxg7
15. Qe2+ Ne6 16. Qe5 Nf6 17. Bxb7 O-O 18. Bxa8 Nd4 19. O-O-O Re8 20. Qc5 Ne2+
21. Kb2 Nd4 22. Bg2 Re2 23. Rd2 Re6 24. Qxa7 Nc6 25. Qc5 Nd7 26. Qb5 Nd4 27. Qa5
Nc6 28. Bxc6 Qf6+ 29. d4 Nb8 30. Bb7 Re4 31. Bxe4 Nd7 32. Qxc7 Nf8 33. Ne5 h4
34. Ng4 Qe6 35. Nh6+ Kh7 36. Qxf7+ Kxh6 37. Qxe6 Nxe6 38. gxh4 Nf4 39. Bf3 1-0

[Event "AUTO-INT-2376"]
[Site "http://www.queenalice.com/game.php?id=1114393"]
[Date "2012.10.20"]
[Round "2"]
[White "hugo2011"]
[Black "Guillie"]
[Result "0-1"]
[WhiteElo "1725"]
[BlackElo "1829"]

1. e4 e5 2. Nf3 d6 3. Nc3 Nf6 4. Bc4 g6 5. d4 Nbd7 6. Bg5 exd4 7. Qxd4 Bg7 8. e5
dxe5 9. Nxe5 O-O 10. f4 Qe8 11. O-O-O Nxe5 12. fxe5 Nd7 13. Rhe1 c6 14. Ne4 Qxe5
15. Nf6+ Bxf6 16. Rxe5 Bxe5 17. Qe3 Bg7 18. Be7 Re8 19. Bxf7+ Kxf7 20. Rf1+ Nf6
21. Qb3+ Kxe7 22. Re1+ Kf8 23. Rxe8+ Nxe8 24. Qb4+ Kf7 25. Qb3+ Kf8 26. Qb4+ Kg8
27. Qb3+ Kh8 28. Qf7 Nf6 29. Qc7 h5 30. c4 Bh6+ 31. Kc2 Bf5+ 32. Kc3 Ne4+ 33.
Kd4 c5+ 34. Kd5 b6 35. h4 Nf6+ 36. Ke5 Ng4+ 37. Kd6 Bf4+ 0-1

[Event "AUTO-ADV-2699"]
[Site "http://www.queenalice.com/game.php?id=1129987"]
[Date "2012.12.10"]
[Round "1"]
[White "Guillie"]
[Black "solzhenitsyn"]
[Result "0-1"]
[WhiteElo "1976"]
[BlackElo "1761"]

1. e4 c5 2. d3 Nf6 3. b3 e6 4. Bb2 Be7 5. Nf3 O-O 6. g3 d6 7. Bg2 Nc6 8. Nbd2 e5
9. h3 Bd7 10. O-O b5 11. c4 bxc4 12. Nxc4 Qc8 13. Kh2 Nd4 14. Nxd4 cxd4 15. Bc1
Rb8 16. Bg5 h6 17. Bxf6 gxf6 18. f4 Kh7 19. f5 Rg8 20. Bf3 Rg7 21. Rg1 Qa6 22.
a4 Rbg8 23. g4 h5 24. Kg3 d5 25. exd5 Bxf5 26. Be4 Bxe4 27. dxe4 Bc5 28. Kh2 Qb7
29. Na5 Qd7 30. Nc6 hxg4 31. Qe1 g3+ 32. Kg2 Rg6 33. b4 Rh6 34. bxc5 Qxh3+ 35.
Kf3 g2+ 36. Ke2 Qe3+ 37. Kd1 Qd3+ 38. Kc1 Qc4+ 39. Kd1 Qd3+ 40. Kc1 Qc4+ 41. Kd1
Qb3+ 42. Kc1 d3 43. Nb4 Qc4+ 44. Kd1 Qb3+ 45. Kc1 a5 46. Nxd3 Rh3 47. Nb2 Rc3+
48. Kb1 Qc2+ 49. Ka2 Qb3+ 50. Kb1 Qc2+ 51. Ka2 Rgg3 52. Qxg3 Rxg3 53. Rac1 Qxe4
54. c6 Qxd5+ 55. Ka1 Ra3+ 56. Kb1 Qe4+ 57. Rc2 Rc3 58. Rxg2 Rxc6 59. Re2 Qh1+
60. Ka2 Rxc2 61. Rxc2 Qd5+ 62. Ka1 f5 63. Rh2+ Kg6 64. Kb1 Qe4+ 65. Kc1 Qf4+ 66.
Rd2 e4 67. Kd1 e3 68. Rg2+ Kf6 69. Ke2 Qe5 70. Nd3 Qd5 71. Rg3 Qa2+ 72. Kxe3
Qxa4 73. Rg2 Qe4+ 0-1

[Event "AUTO-ADV-2699"]
[Site "http://www.queenalice.com/game.php?id=1129988"]
[Date "2012.12.10"]
[Round "1"]
[White "solzhenitsyn"]
[Black "Guillie"]
[Result "0-1"]
[WhiteElo "1760"]
[BlackElo "1968"]

1. e4 e5 2. Nf3 d6 3. Bb5+ Bd7 4. Bxd7+ Qxd7 5. O-O Nf6 6. Nc3 g6 7. d3 Bg7 8.
Bg5 h6 9. Bh4 Nc6 10. a3 a6 11. Bxf6 Bxf6 12. Nd5 Bg7 13. Qd2 Ne7 14. c4 Nxd5
15. cxd5 c6 16. dxc6 bxc6 17. Rfc1 O-O 18. Rc2 c5 19. Rac1 Rfc8 20. Qa5 Qb5 21.
Qxb5 axb5 22. b4 Rxa3 23. bxc5 dxc5 24. h3 b4 25. Rxc5 Rb8 26. Rc8+ Rxc8 27.
Rxc8+ Kh7 28. Rb8 Ra1+ 29. Kh2 Rb1 30. Nd2 Rb2 31. Nc4 Rxf2 32. Rxb4 Rf6 33.
Nxe5 Rd6 34. d4 f6 35. Nf3 g5 36. e5 fxe5 37. Nxe5 Bxe5+ 38. dxe5 Re6 39. Re4 h5
40. g3 Kg6 41. g4 h4 42. Kg2 Kf7 43. Kf3 Rb6 44. Re3 Ke6 45. Ke4 Rb4+ 46. Kf3
Rf4+ 47. Ke2 Rd4 48. Kf3 Rd5 49. Kf2 Rd2+ 50. Kf3 Rh2 51. Ke4 Rg2 52. Rf3 Re2+
53. Re3 Rxe3+ 54. Kxe3 Kxe5 55. Kf3 Kd4 56. Ke2 Ke4 57. Kf2 Kf4 58. Kg2 Ke3 59.
Kg1 Kf3 60. Kh2 Kf2 61. Kh1 Kg3 62. Kg1 Kxh3 63. Kh1 Kxg4 64. Kh2 Kf3 65. Kh3
g4+ 66. Kh2 h3 67. Kg1 g3 68. Kh1 g2+ 69. Kg1 h2+ 0-1

[Event "AUTO-ADV-2699"]
[Site "http://www.queenalice.com/game.php?id=1129989"]
[Date "2012.12.10"]
[Round "1"]
[White "Guillie"]
[Black "agilulfo"]
[Result "1-0"]
[WhiteElo "1959"]
[BlackElo "1728"]

1. e4 c5 2. d3 d6 3. b3 Nf6 4. Bb2 g6 5. g3 Bg7 6. Bg2 O-O 7. Nf3 Bg4 8. Nbd2 b5
9. a4 b4 10. h3 Bxf3 11. Nxf3 Nc6 12. O-O Nd7 13. Bxg7 Kxg7 14. Nd2 Nde5 15. Nf3
Re8 16. Nxe5 Nxe5 17. f4 Nc6 18. Qg4 Nd4 19. Rac1 Qc8 20. Qd1 a5 21. e5 Ra6 22.
exd6 exd6 23. Re1 Ra7 24. Rxe8 Qxe8 25. Kf2 Qe6 26. Qd2 Re7 27. Bf1 f6 28. Rd1
g5 29. Rc1 gxf4 30. Qxf4 Ne2 31. Bxe2 Qxe2+ 32. Kg1 Qe3+ 33. Qxe3 Rxe3 34. Kf2
Re5 35. Re1 Kg6 36. Re4 h5 37. g4 hxg4 38. Rxg4+ Kh5 39. Rg7 Kh4 40. Ra7 Kxh3
41. Rxa5 f5 42. Ra6 Re6 43. Rb6 Kg4 44. a5 Kf4 45. a6 Re8 46. Rxd6 Ra8 47. Rc6
Ra7 48. Rxc5 Rxa6 49. Rc4+ Ke5 50. Rxb4 Ra2 51. Rc4 Kd5 52. b4 Rb2 53. Ke3 Ke5
54. c3 f4+ 55. Rxf4 1-0

[Event "AUTO-ADV-2699"]
[Site "http://www.queenalice.com/game.php?id=1129990"]
[Date "2012.12.10"]
[Round "1"]
[White "agilulfo"]
[Black "Guillie"]
[Result "1/2-1/2"]
[WhiteElo "1728"]
[BlackElo "1969"]

1. d4 d5 2. c4 dxc4 3. e3 e6 4. Bxc4 g6 5. Nf3 Bg7 6. O-O Nf6 7. Re1 b6 8. Ne5
Bb7 9. Qa4+ Nfd7 10. Nxd7 Qxd7 11. Bb5 c6 12. Be2 O-O 13. Nd2 b5 14. Qb4 a5 15.
Qc5 Qd5 16. Qxd5 exd5 17. a3 a4 18. b3 c5 19. Bb2 c4 20. bxc4 bxc4 21. Rab1 Bc6
22. Bf3 Re8 23. e4 dxe4 24. Bxe4 Bxe4 25. Rxe4 Rxe4 26. Nxe4 Nc6 27. d5 Ne5 28.
f4 Nd3 29. Bxg7 Kxg7 30. g3 f5 31. Nc3 Rc8 32. d6 Nc5 33. Rb4 Nd3 34. Rxa4 Rd8
35. Rxc4 Rxd6 36. a4 Ra6 37. Nd1 Rd6 38. Kf1 Nxf4 39. Rxf4 Rxd1+ 40. Ke2 Ra1 41.
Kd2 Ra2+ 42. Kc3 Rxh2 43. a5 Kf6 44. Ra4 Re2 45. a6 Re8 46. a7 Ra8 47. Kb4 h5
48. Kb5 g5 49. Kb6 Ke5 50. Kb7 Rxa7+ 51. Kxa7 f4 52. gxf4+ gxf4 53. Ra5+ Ke4 54.
Rxh5 f3 55. Rh1 1/2-1/2

[Event "AUTO-ADV-2699"]
[Site "http://www.queenalice.com/game.php?id=1129991"]
[Date "2012.12.10"]
[Round "1"]
[White "Guillie"]
[Black "tewald"]
[Result "1-0"]
[WhiteElo "1915"]
[BlackElo "1858"]

1. e4 e6 2. Nf3 d5 3. exd5 exd5 4. d4 Bd6 5. Bd3 Nf6 6. Be3 O-O 7. c3 Re8 8. O-O
b6 9. Re1 c5 10. dxc5 bxc5 11. c4 d4 12. Bg5 Rxe1+ 13. Qxe1 Nbd7 14. Nbd2 Bb7
15. b3 Qc7 16. Bxf6 Nxf6 17. h3 Re8 18. Qf1 Nh5 19. Re1 Rxe1 20. Qxe1 g6 21. Be4
Bxe4 22. Qxe4 a5 23. a4 Ng7 24. Qa8+ Bf8 25. Ne4 Nh5 26. Nfg5 Kg7 27. Nxh7 Qe7
28. Nxf8 Qxf8 29. Qxa5 Qe7 30. Nxc5 Qe5 31. b4 Nf6 32. f3 Qe3+ 33. Kh1 Qc1+ 34.
Kh2 Qxc4 35. Qb5 Qd5 36. Nd3 Qd6+ 37. Qe5 Qb6 38. a5 Qa7 39. Nc5 1-0

[Event "AUTO-ADV-2699"]
[Site "http://www.queenalice.com/game.php?id=1129992"]
[Date "2012.12.10"]
[Round "1"]
[White "tewald"]
[Black "Guillie"]
[Result "0-1"]
[WhiteElo "1870"]
[BlackElo "1938"]

1. e4 e5 2. d4 exd4 3. Nf3 d6 4. Nxd4 Nf6 5. Nc3 a6 6. g3 g6 7. Bg2 Bg7 8. O-O
c5 9. Nb3 O-O 10. h3 Nc6 11. Bg5 h6 12. Be3 Ne5 13. Qe2 Qb6 14. Nd5 Nxd5 15.
exd5 Nd7 16. Rab1 Nf6 17. Qd2 Bd7 18. Rbd1 Kh7 19. c4 Ba4 20. Qc2 Qc7 21. Rd2 b5
22. Qd3 Bxb3 23. axb3 b4 24. g4 Qd7 25. Re2 a5 26. Ra1 a4 27. bxa4 Rxa4 28. Rxa4
Qxa4 29. b3 Qa1+ 30. Kh2 Nd7 31. Bf4 Ne5 32. Qc2 Qd4 33. Be3 Qd3 34. Rd2 Qxc2
35. Rxc2 f5 36. g5 f4 37. gxh6 Bxh6 38. Bd2 g5 39. f3 Re8 40. Ra2 Nf7 41. Ra7
Kg8 42. h4 Re2 43. Bc1 Rc2 44. Ra1 gxh4 45. Rb1 Ne5 46. Kh3 Nd3 0-1

[Event "AUTO-ADV-2699"]
[Site "http://www.queenalice.com/game.php?id=1158821"]
[Date "2013.3.7"]
[Round "2"]
[White "Guillie"]
[Black "Talon"]
[Result "0-1"]
[WhiteElo "1946"]
[BlackElo "2321"]

1. d4 Nf6 2. Nf3 d5 3. h3 c5 4. dxc5 e6 5. e3 Bxc5 6. c3 O-O 7. Nbd2 Nc6 8. b4
Bd6 9. a3 e5 10. Bb2 e4 11. Nd4 Nxd4 12. cxd4 Bd7 13. Be2 Ne8 14. O-O Qg5 15. f4
exf3 16. Rxf3 Nf6 17. Bd3 Rae8 18. Nf1 Ne4 19. Qe2 Re6 20. Kh1 Rh6 21. Bxe4 dxe4
22. Rf2 Rg6 23. Nh2 Bb5 24. Qe1 Bg3 25. Qd2 Bxf2 26. Qxf2 Rc8 27. Qd2 Rgc6 28.
Rc1 Rxc1+ 29. Bxc1 h5 30. Bb2 Qd5 0-1

[Event "AUTO-ADV-2699"]
[Site "http://www.queenalice.com/game.php?id=1158822"]
[Date "2013.3.7"]
[Round "2"]
[White "Talon"]
[Black "Guillie"]
[Result "1-0"]
[WhiteElo "2320"]
[BlackElo "1948"]

1. d4 d5 2. c4 dxc4 3. e3 e6 4. Bxc4 Nf6 5. Nf3 c6 6. O-O g6 7. Qc2 Nbd7 8. e4
h6 9. Nc3 Nb6 10. Be2 Bg7 11. b3 O-O 12. Rd1 Qc7 13. a4 a5 14. Ba3 Re8 15. Nb5
Qd7 16. Ne5 Qd8 17. Nd6 Re7 18. Rd3 Ne8 19. Ndxf7 Rxf7 20. Nxf7 Kxf7 21. e5 Nd5
22. Rf3+ Nef6 23. h4 g5 24. exf6 Nxf6 25. Qh7 Qh8 26. Rxf6+ Kxf6 27. Qe4 Bf8 28.
Qe5+ 1-0

[Event "AUTO-ADV-2699"]
[Site "http://www.queenalice.com/game.php?id=1158823"]
[Date "2013.3.7"]
[Round "2"]
[White "Guillie"]
[Black "RobertD"]
[Result "1-0"]
[WhiteElo "1951"]
[BlackElo "1939"]

1. d4 d5 2. g3 e6 3. Nf3 Nc6 4. a3 Nf6 5. Bg2 Be7 6. e3 b6 7. Nc3 Ba6 8. b4 Bc4
9. Nd2 h5 10. Nxc4 Qd7 11. Ne5 Nxe5 12. dxe5 Ng4 13. e4 d4 14. Ne2 Nxe5 15. Qxd4
Qxd4 16. Nxd4 h4 17. Nf3 hxg3 18. Nxe5 1-0

[Event "AUTO-ADV-2699"]
[Site "http://www.queenalice.com/game.php?id=1158824"]
[Date "2013.3.7"]
[Round "2"]
[White "RobertD"]
[Black "Guillie"]
[Result "1-0"]
[WhiteElo "1913"]
[BlackElo "1966"]

1. d4 d5 2. c4 dxc4 3. e3 e6 4. Bxc4 Nf6 5. Nf3 g6 6. b3 b6 7. Bb2 Bg7 8. Nbd2
Bb7 9. O-O a6 10. Ba3 c6 11. Ne5 b5 12. Be2 Nbd7 13. Ndf3 Nd5 14. Rc1 Qc7 15.
Nxd7 Qxd7 16. Bc5 Bf6 17. Qd2 Be7 18. Ne5 Qc7 19. Bxe7 Nxe7 20. Rc5 O-O 21. Rfc1
Rad8 22. Bf3 Rd6 23. Ng4 Kg7 24. e4 f5 25. Qh6+ Kg8 26. e5 Rdd8 27. Nf6+ Rxf6
28. exf6 Nd5 29. Bxd5 exd5 30. Rxc6 1-0